| 000 | 01206nam a2200337 i 4500 | ||
|---|---|---|---|
| 001 | 000026338 | ||
| 003 | DO-SdBNP | ||
| 005 | 20240905114510.0 | ||
| 007 | ta | ||
| 008 | 110314t1988 dr b 000 0 spa d | ||
| 020 | _a848952534x | ||
| 040 |
_aDO-SdBNP _bspa _cBNPHU _erda |
||
| 041 | _aspa | ||
| 082 | 4 |
_a016.61097293 _bB582m _222 |
|
| 245 | 0 | 0 |
_aBibliografía médica Dominicana : _bíndice de literatura convencional y no convencional / _ccompiladores, Manuel de Jesús Roa Santana, Lucero Arboleda de Roa. |
| 264 | 4 |
_aSanto Domingo : _bINTEC, _c©1988. |
|
| 300 |
_avolumenes ; _c24 cm. |
||
| 336 |
_2rdacontent _atexto _btxt |
||
| 337 |
_2rdamedia _asin mediación _bn |
||
| 338 |
_2rdacarrier _avolumen _bnc |
||
| 490 | 0 |
_aBibliográfica ; _v7 |
|
| 500 | _aIncluye índice. | ||
| 505 | 0 | _av. 1. A-N -- v. 2. O-Z | |
| 590 | _aInventariado 2024 / MF | ||
| 650 | 4 |
_aMedicina _zRepública Dominicana _vBibliografías _953368 |
|
| 700 | 1 |
_aRoa Santana, Manuel de Jesús, _ecompilador _931309 _4comp. |
|
| 700 | 1 |
_aArboleda de Roa, Lucero, _ecompilador _931310 _4comp. |
|
| 710 | 2 |
_aInstituto Tecnológico de Santo Domingo _978911 |
|
| 910 | _aValidado. Control de calidad MFF | ||
| 942 |
_2ddc _cLBS1 |
||
| 999 |
_c25830 _d25830 |
||